Buddhistic teachings, laws and ethics (Record no. 1227171)

MARC details
000 -LEADER
fixed length control field 00632nam a2200217Ia 4500
005 - DATE AND TIME OF LATEST TRANSACTION
control field 20241129110050.0
008 - FIXED-LENGTH DATA ELEMENTS--GENERAL INFORMATION
fixed length control field 241129s9999||||xx |||||||||||||| ||und||
020 ## - INTERNATIONAL STANDARD BOOK NUMBER
International Standard Book Number 978-93-91520-32-8
037 ## - SOURCE OF ACQUISITION
Stock number TB
040 ## - CATALOGING SOURCE
Original cataloging agency ARTS
Language of cataloging eng
Transcribing agency ARTS
041 ## - LANGUAGE CODE
Language code of text/sound track or separate title eng
Source of code eng
084 ## - COLON CLASSIFICATION NUMBER
Classification number R4,(Q4) R4
Assigning agency ARTS
100 ## - MAIN ENTRY--PERSONAL NAME
Personal name Satpati N. K. Au.
9 (RLIN) 727077
245 #0 - TITLE STATEMENT
Title Buddhistic teachings, laws and ethics
Statement of responsibility, etc. Satpati N. K. Au.
260 ## - PUBLICATION, DISTRIBUTION, ETC.
Place of publication, distribution, etc. Delhi, India
Name of publisher, distributor, etc. Prashant Publishing House
Date of publication, distribution, etc. 2024
300 ## - PHYSICAL DESCRIPTION
Extent vi,248p.
365 ## - TRADE PRICE
Price type code INR
Price amount 1295
650 ## - SUBJECT ADDED ENTRY--TOPICAL TERM
Topical term or geographic name entry element PhilosophyEthicsBuddhism
9 (RLIN) 727078
942 ## - ADDED ENTRY ELEMENTS (KOHA)
Koha item type Textbook
Classification part R4,(Q4) R4
Holdings
Withdrawn status Lost status Damaged status Not for loan Home library Current library Date acquired Source of acquisition Cost, normal purchase price Inventory number Total Checkouts Full call number Barcode Date last seen Date last checked out Price effective from Koha item type
        Arts Library Arts Library 2024-11-29 Eastern Book Linkers 1295.00 112 & 20/12/2023 1 R4,(Q4) R4 AL1803204 2025-08-27 2025-02-20 2024-11-29 Textbook
Copyright @ Delhi University Library System